|
|
|
|
| LEADER |
00000nam0a2200000 4500 |
| 001 |
86930 |
| 005 |
20231101213517.0 |
| 020 |
|
|
|a RU
|b 81-23869ж
|
| 035 |
|
|
|a (RuTPU)RU\TPU\book\93333
|
| 090 |
|
|
|a 86930
|
| 100 |
|
|
|a 20051201d1980 k y0rusy5003 ca
|
| 101 |
0 |
|
|a rus
|
| 102 |
|
|
|a RU
|
| 105 |
|
|
|a a z 001zy
|
| 200 |
1 |
|
|a Конструкции и строительство тепловых агрегатов
|e [сборник статей]
|f Всесоюзный научно-исследовательский и проектный институт "Теплопроект"; гл. ред. И. К. Энно
|
| 210 |
|
|
|a Москва
|c ВНИПИТеплопроект
|d 1980
|
| 215 |
|
|
|a 148 с.
|c ил.
|d 20 см.
|
| 225 |
1 |
|
|a Труды ВНИПИ Теплопроект
|e сборник трудов
|v Вып. 52
|
| 320 |
|
|
|a Библиография в конце статей
|
| 610 |
1 |
|
|a тепловые агрегаты
|
| 610 |
1 |
|
|a нагревательные печи
|
| 610 |
1 |
|
|a термические печи
|
| 610 |
1 |
|
|a конструкции
|
| 610 |
1 |
|
|a реконструкция
|
| 610 |
1 |
|
|a строительство
|
| 610 |
1 |
|
|a кузнечно-прессовые цеха
|
| 610 |
1 |
|
|a статистическая информация
|
| 610 |
1 |
|
|a теплообмен
|
| 610 |
1 |
|
|a нагрев
|
| 610 |
1 |
|
|a математические модели
|
| 675 |
|
|
|a 66.041
|z rus
|v 3
|
| 702 |
|
1 |
|a Энно
|b И. К.
|g Игорь Константинович
|4 651
|
| 712 |
0 |
2 |
|a Всесоюзный научно-исследовательский и проектный институт "Теплопроект"
|2 stltpush
|3 (RuTPU)RU\TPU\col\6381
|9 24239
|
| 801 |
|
0 |
|a RU
|b RuMRKP
|c 19950704
|g psbo
|
| 801 |
|
1 |
|a RU
|b 63413507
|c 20051201
|g PSBO
|
| 801 |
|
2 |
|a RU
|b 63413507
|c 20170410
|g PSBO
|
| 942 |
|
|
|c BK
|